| 000 | 00491nam a22001697a 4500 | ||
|---|---|---|---|
| 999 |
_c259192 _d259191 |
||
| 003 | OSt | ||
| 005 | 20210331150651.0 | ||
| 008 | 210331b ||||| |||| 00| 0 eng d | ||
| 040 | _cRU | ||
| 050 |
_aHF5549 _b.G6924 2001 |
||
| 100 | _aGreer, Charles R. | ||
| 245 |
_aStrategic Human Resource Management: _bA general Managerial Approach |
||
| 250 | _a2nd edn. | ||
| 260 |
_aIndia, New Delhi _bPearson in collaboration with Dorling Kindersley Ltd _c2001 |
||
| 300 | _a368p | ||
| 942 |
_2lcc _cBK |
||